000 00614nam a2200205Ia 4500
005 20250923145700.0
008 008 250917s9999 xx 000 0 eng d
037 _aTextual
040 _aDSWL
_beng
_cDSWL
041 _aeng
_2eng
084 _aV2:(Y)'K, N85.2
_qDSWL
100 _aVaradarajan, L.
_9837893
245 0 _aIndia in the 17th century Vol-II , Pt-II 1688-1691
_c by L.Varadarajan
260 _aNew Delhi
_bDelhi Manohar
_c1985
300 _axii,1177 to 1685 p.
365 _aINR
_b202.50
925 _g202.50
942 _cTEXL
_hV2:(Y)'K, N85.2
999 _c1454299
_d1454299